000 00818nam a2200229 i 4500
001 189865
003 ES-MaACL
005 20250902221311.0
008 191213s1967 sp |||| | spa d
100 1 _aMeier-Menzel, Hans Jürgen.
_979829
245 1 0 _aEscaleras, paredes y exteriores de hormigon /
_c[colaboradores, H.J. Meier-Menzel, F. Hierl, K. Halmburger ; traducción, A. Rodríguez Arias].
260 _aBarcelona :
_bBlume,
_c[1967]
300 _a119 p. :
_bil. ;
_c26 cm.
490 1 _aColección "Detalles" ;
_v5
650 7 _aEstructuras de hormigón
_2embne
_911296
700 1 _aHalmburger, K.
_9169092
700 1 _aHierl, F.
_9169099
700 1 _aRodríguez Arias, Alfonso.
_998346
830 0 _aColección "Detalles" ;
_v5
_9193448
852 _aES-MaACL
_jP-1186-4
999 _c189865
_d189865